Capitals of the World - No Consonants - Statistics

General Stats
  • This quiz has been taken 30 times
    20 since last reset
  • The average score is 154 of 196
Answer Stats
Country Capital City % Correct
Bangladesh | Ghana | Iraq | +4 others Aa
100%
Bolivia A A / Ue
100%
Belarus I
100%
Bahrain | Cuba | Eritrea | +6 others Aaa
85%
Yemen Aa'a
85%
Eswatini | Zimbabwe Aae
85%
Bahamas | Nepal | Syria Aau
85%
Croatia | Greece | Nauru | Uzbekistan Ae
85%
Maldives
85%
Australia | Malta | Netherlands Aea
85%
Chad 'Aea
85%
Estonia | France | Spain Ai
85%
Cape Verde | Philippines | Samoa Aia
85%
Slovakia Aiaa
85%
Vatican City Aia Iy
85%
Algeria | Saint Lucia Aie
85%
Taiwan Aiei
85%
Federated States of Micronesia Aii
85%
Brazil Aíia
85%
Antigua and Barbuda Ai O'
85%
Egypt | United States Aio
85%
Kenya Aioi
85%
Thailand Ao
85%
Andorra Aoa A Ea
85%
Costa Rica A Oé
85%
Vietnam Aoi
85%
Afghanistan | Azerbaijan | Gambia | Liechtenstein Au
85%
Nigeria Aua
85%
Czech Republic Aue
85%
Switzerland E
85%
Iran Ea
85%
India E Ei
85%
Germany Ei
85%
China | Finland Eii
85%
New Zealand Eio
85%
Mexico Eio Iy
85%
South Africa Eoia / Ae O / Oeoei
85%
South Korea Eou
85%
Israel Euae
85%
Iceland Eyaí
85%
Latvia | Peru | Saudi Arabia Ia
85%
Albania | Democratic Republic of the Congo Iaa
85%
Pakistan Iaaa
85%
Singapore Iaoe
85%
Kyrgyzstan Ie
85%
Austria | Burundi Iea
85%
East Timor Ii
85%
Georgia Iii
85%
Lithuania Iiu
85%
Jamaica | Portugal | Saint Vincent and the Grenadines Io
85%
Libya Ioi
85%
Cyprus | Seychelles Ioia
85%
North Korea | Qatar Oa
85%
Canada Oaa
85%
Monaco Oao
85%
Cambodia O E
85%
Italy | North Macedonia Oe
85%
Togo
85%
Denmark Oeae
85%
Uruguay Oeieo
85%
Bulgaria Oia
85%
Vanuatu O Ia
85%
Japan | Norway | Russia | +2 others Oo
85%
Colombia Ooá
85%
Tanzania Ooa
85%
Fiji | Oman | South Sudan Ua
85%
Angola | Slovenia | Zambia Uaa
85%
Malaysia Uaa Uu
85%
Hungary | Romania | Tajikistan Uae
85%
Kuwait Uai Iy
85%
Belgium Ue
85%
Argentina Ueo Aie
85%
Luxembourg Ueou
85%
Ireland | Tunisia Ui
85%
Ukraine Yi
85%
Madagascar Aaaaio
77%
Suriname Aaaio
77%
Panama Aaa Iy
77%
El Salvador A Aao
77%
Bosnia and Herzegovina Aaeo
77%
San Marino A Aio
77%
Equatorial Guinea | Mali Aao
77%
Chile Aiao
77%
Dominican Republic Ao Oio
77%
Sudan Aou
77%
United Arab Emirates Au Ai
77%
Central African Republic Aui
77%
Paraguay Auió
77%
Serbia Eae
77%
Lebanon Eiu
77%
Rwanda Iai
77%
Gabon Ieie
77%
Kosovo Iia
77%
Malawi | Namibia Ioe
77%
Djibouti Ioui
77%
Papua New Guinea O Oey
77%
Comoros Ooi
77%
Burkina Faso Ouaaouou
77%
Mongolia Uaaaaa
77%
Guatemala Uaeaa Iy
77%
Ecuador Uio
77%
Republic of the Congo Aaie
69%
Botswana Aooe
69%
São Tomé and Príncipe Ão Oé
69%
Armenia Eea
69%
Sierra Leone Eeo
69%
Belize Eoa
69%
Guyana Eoeo
69%
Guinea-Bissau Iau
69%
Laos Ieiae
69%
Moldova Iiău
69%
Bhutan Iu
69%
Haiti O-au-ie
69%
Trinidad and Tobago O-o-ai
69%
Liberia | Montenegro Ooia
69%
Nicaragua Aaua
62%
Ethiopia Ai Aaa
62%
Myanmar Ayia
62%
Honduras Euiaa
62%
Barbados Ieo
62%
Lesotho Aeu
54%
Cameroon Aoué
54%
Marshall Islands | Mozambique Auo
54%
Somalia Oaiu
54%
Guinea Oay
54%
Dominica Oeau
54%
Benin Oo-oo / Ooou
54%
Mauritius O Oui
54%
Brunei Aa Ei Eaa
46%
Saint Kitts and Nevis Aeee
46%
Palau Euu
46%
Niger Iaey
46%
Kiribati Ou Aaa
46%
Grenada Ai Eoe'
38%
Ivory Coast Aououo
38%
Sri Lanka I Aaaeeua Oe
38%
Solomon Islands Oiaa
38%
Mauritania Ouao
38%
Tuvalu Uaui
38%
Tonga Uuʻaoa
38%
No matching quizzes found
Score Distribution
Percent of People with Each Score
Percentile by Number Answered
Your Score History
You have not taken this quiz since the last reset